Możliwości wsparcia współpracy w zakresie szkolenia i rozwoju Polski przez Unię w ramach programu PHARE II / (Rekord nr 10208)
| 000 -ETYKIETA REKORDU | |
|---|---|
| podpole kontrolne o stałej długości | 00932naa a2200169 i 4500 |
| 001 - NUMER KONTROLNY REKORDU | |
| podpole kontrolne | 10208 |
| 003 - IDENTYFIKATOR NUMERU KONTROLNEGO REKORDU | |
| podpole kontrolne | KOSZ 005 |
| 005 - DATA OSTATNIEJ MODYFIKACJI REKORDU | |
| podpole kontrolne | 20180417154903.0 |
| 008 - POLE O STAŁEJ DŁUGOŚCI - DANE KONTROLNE | |
| podpole kontrolne o stałej długości | 180417s2000 pl a |100 0 pol d |
| 040 ## - ŹRÓDŁO KATALOGOWANIA | |
| Instytucja, która sporządziła opis | KOSZ 005/HR |
| Instytucja, która utworzyła rekord | KOSZ 005/HR |
| 080 ## - UNIWERSALNA KLASYFIKACJA DZIESIĘTNA - UKD | |
| UKD | 94(438) |
| 100 1# - NAZWA OSOBOWA | |
| Nazwa osobowa | PARTACZ, Czesław. |
| Lata pracy | 1999 - 2007. |
| Instytucja | Politechnika Koszalińska - Wydział Ekonomii i Zarządzania, |
| Wydział | Katedra Nauk Społecznych. |
| 245 ## - TYTUŁ/ODPOWIEDZIALNOŚĆ | |
| Tytuł | Możliwości wsparcia współpracy w zakresie szkolenia i rozwoju Polski przez Unię w ramach programu PHARE II / |
| Pozostałe elementy strefy tytułu i oznaczenia odpowiedzialności | Czesław Partacz. |
| 655 #0 - TERMIN INDEKSOWY - OKREŚLENIE RODZAJU/FORMY DOKUMENTU | |
| Określnie rodzaju/formy dokumentu | Materiały konferencyjne. |
| 773 0# - TYTUŁ DOKUMENTU MACIERZYSTEGO | |
| Wyrażenie wprowadzające | W : |
| Tytuł | Polska w drodze do Unii Europejskiej : ocena ekonomicznych, społecznych i politycznych przygotowań do członkostwa : I krajowa konferencja naukowa, Koszalin, 30 marca 2000 r. / red. Bogusław Polak przy współudz. Dariusza Magierka. - |
| Adres wydawniczy | Koszalin : Wydaw. Uczelniane PK, 2000. - |
| Informacje dotyczące relacji | s. 241-246 |
| ISBN | 8388283537 |
| 942 ## - HASŁO DODATKOWE - ELEMENTY(KOHA) | |
| Schemat klasyfikacji | Uniwersalna klasyfikacja dziesiętna |
| Typ dokumentu | Rozdział |
Brak dostępnych egzemplarzy.
